00402nam a2200145 a 450000500170000000800410001702000180005805000260007610000160010224500460011826000390016430000140020344000270021765000120024420140412111418.0070905s19uu xx 00 eng d a1-74157-007-7 aTR(GS 428.4bG78 2004 aGraves, Sue aLets read with Jen and Ben /cSue Graves. aAustralia :bHinkler books,c2004. a1 v. unp. aPull and Learn Phonics aPhonics